LEADER 01103nam a2200241 4500 001 000000336398 003 CaOOAMICUS 005 20220623112841.0 008 190906s2009 it 000 u ita r 020 $a978-88-89624-00-5 040 $aSeMil$bita 100 1 $aAmbrosi, Sante,$d<1936- >.$0(OLS)http://semarc/name/110204 245 13$aLo scavo interiore :$bil volto umano di Cristo in Dostoevskij /$cSante Ambrosi. 264 1$aSuvereto :$bTeatro naturale,$c2009. 300 $a193 p. ;$c21 cm. 650 4$aGesł Cristo - Letteratura.$0(OLS)http://semarc/subject/4703 650 4$aDostoevskij, Fėdor Michajlovi? <1821-1881> - Pensiero religioso.$0(OLS)http://semarc/subject/48243 850 $aSeMil 852 $aSeMil$W1$xVenegono$y1$m1R II 25$j239379$B228176$CSeMilBibl$Z2$F228176 $81 996 $6020$a978-88-89624-00-5$9(OLS)http://semarc/number/288638 996 $6245$aLo scavo interiore :$bil volto umano di Cristo in Dostoevskij$9(OLS)http://semarc/title/425674 996 $6264$aSuvereto :$bTeatro naturale$9(OLS)http://semarc/publisher/58544 LEADER 01007nam a2200265 i 4500 001 000000075444 003 CaOOAMICUS 005 20001006000000.0 008 001006s1994 it u000 u ita u 013 $a46616 020 $a88-7972-061-9 040 $aSeMil$bita 100 1 $aRenault, Mary.$0(OLS)http://semarc/name/37238 240 14$aThe Persian boy.$0(OLS)http://semarc/title/122356 245 13$aIl ragazzo persiano :$bromanzo /$cdi Mary Renault. 260 $aMilano :$bCorbaccio,$c1994. 300 $a478 p. ;$c21 cm. 490 0 $aScrittori di tutto il mondo 830 0$aScrittori di tutto il mondo.$0(OLS)http://semarc/title/7126 850 $aSeMil 852 $aSeMil$W1$xVenegono$y1$m1T III 62$j239988$B41596$CSeMilBibl$Z2$F41600 $81 961 $aOmaggio: Altro 996 $6020$a88-7972-061-9$9(OLS)http://semarc/number/55933 996 $6245$aIl ragazzo persiano :$bromanzo$9(OLS)http://semarc/title/122355 996 $6260$aMilano :$bCorbaccio$9(OLS)http://semarc/publisher/31394